|
|
|
|
| LEADER |
00000cam a2200000 i 4500 |
| 001 |
1/33003 |
| 008 |
060802s1995 gre d |
| 035 |
|
|
|l 10084829
|
| 040 |
|
|
|a GR-MY-UA
|b gre
|e aacr
|
| 041 |
0 |
|
|a gre
|
| 082 |
0 |
|
|a 591.09499
|
| 100 |
1 |
|
|a Αξιώτης, Μάκης,
|d 1950-
|
| 245 |
1 |
2 |
|a Η πανίδα στη Λέσβο /
|c Μάκης Αξιώτης
|
| 250 |
|
|
|a 2η έκδ.
|
| 260 |
|
|
|a Μυτιλήνη :
|b [χ.ε.],
|c 1995
|
| 300 |
|
|
|a 29 σ.
|b εικ.
|
| 650 |
0 |
0 |
|a Animals
|z Greece
|z Lesbos (Municipality)
|
| 650 |
0 |
0 |
|a Zoology
|z Greece
|z Lesbos (Municipality)
|
| 852 |
|
|
|a INST
|b LESVOS
|e 20060802
|h 591.949582 ΑΞΙ
|p 005100036433
|q 005100036433
|t BK
|y 0
|
| 901 |
|
|
|a BIBL1-2006-2
|
| 909 |
|
|
|a Λ
|b 023274
|